Topical themes in energy and resources : a cross-disciplinary education and training program for environmental leaders /

Bibliographic Details
Other Authors: Tanaka, Yasumitsu, (Editor), Norton, Michael, (Editor), Li, Yu-You, (Editor)
Format: eBook
Language:English
Published: Tokyo, Japan : Springer, 2015.
Subjects:
Online Access:Click to View
LEADER 01970nam a2200457 i 4500
001 EBC1973774
003 MiAaPQ
005 20200520144314.0
006 m o d |
007 cr cnu||||||||
008 150412t20152015ja a ob 000 0 eng d
020 |z 9784431553083 
020 |a 9784431553090 (e-book) 
035 |a (MiAaPQ)EBC1973774 
035 |a (Au-PeEL)EBL1973774 
035 |a (CaPaEBR)ebr11018181 
035 |a (CaONFJC)MIL766910 
035 |a (OCoLC)902675806 
040 |a MiAaPQ  |b eng  |e rda  |e pn  |c MiAaPQ  |d MiAaPQ 
050 4 |a TJ808  |b .T675 2015 
082 0 |a 333.794  |2 23 
245 0 0 |a Topical themes in energy and resources :  |b a cross-disciplinary education and training program for environmental leaders /  |c Yasumitsu Tanaka, Michael Norton, Yu-You Li, editors. 
264 1 |a Tokyo, Japan :  |b Springer,  |c 2015. 
264 4 |c 2015 
300 |a 1 online resource (275 pages) :  |b illustrations, tables, graphs 
336 |a text  |2 rdacontent 
337 |a computer  |2 rdamedia 
338 |a online resource  |2 rdacarrier 
504 |a Includes bibliographical references at the end of each chapters. 
588 |a Description based on print version record. 
590 |a Electronic reproduction. Ann Arbor, MI : ProQuest, 2015. Available via World Wide Web. Access may be limited to ProQuest affiliated libraries. 
650 0 |a Renewable energy sources. 
650 0 |a Environmental sciences. 
650 0 |a Sustainable development. 
655 4 |a Electronic books. 
700 1 |a Tanaka, Yasumitsu,  |e editor. 
700 1 |a Norton, Michael,  |e editor. 
700 1 |a Li, Yu-You,  |e editor. 
776 0 8 |i Print version:  |t Topical themes in energy and resources : a cross-disciplinary education and training program for environmental leaders.  |d Tokyo, Japan : Springer, c2015   |h xii, 270 pages   |z 9784431553083   |w 2014958591 
797 2 |a ProQuest (Firm) 
856 4 0 |u https://ebookcentral.proquest.com/lib/matrademy/detail.action?docID=1973774  |z Click to View